[Event "Benidorm 2002 - sub2300"]
[Site "Benidorm ESP"]
[Date "2002.11.23"]
[Round "2.8"]
[White "Tello Nuñez, Alejandro"]
[Black "Kuzev, Jordan"]
[Result "1-0"]
[WhiteElo "2182"]
[BlackElo "2277"]
[PlyCount "97"]
[EventDate "2002.11.22"]
[EventType "swiss"]
[EventRounds "9"]
[EventCountry "ESP"]
[Source "lmi"]
[SourceDate "2002.11.24"]

1. e4 c5 2. Nf3 Nc6 3. d4 cxd4 4. Nxd4 g6 5. Nc3 Bg7 6. Be3 Nf6 7. Bc4 O-O 8.
Bb3 a5 9. a4 Ng4 10. Nxc6 Nxe3 11. Nxd8 Nxd1 12. Nd5 Rxd8 13. Rxd1 Kf8 14. Nb6
Rb8 15. c3 d6 16. Rd5 Be6 17. Rb5 Bxb3 18. Rxb3 e6 19. Rb5 d5 20. exd5 exd5 21.
Nxd5 Re8+ 22. Kd1 Re4 23. Rxa5 Rd8 24. Rb5 Rxa4 25. Kc2 Re4 26. Rd1 Bh6 27. Ne3
Rxd1 28. Kxd1 Re7 29. Nd5 Rd7 30. Ke2 Bg7 31. Kd3 h5 32. b4 Be5 33. h3 Kg7 34.
Ke4 Bb8 35. g4 hxg4 36. hxg4 Ba7 37. f3 Bf2 38. c4 f6 39. f4 Kf7 40. f5 gxf5+
41. gxf5 Kg7 42. c5 Bg3 43. Rb6 Be5 44. b5 Rf7 45. c6 bxc6 46. bxc6 Kh6 47. Rb7
Rf8 48. Ne7 Ra8 49. c7 1-0

[Event "Benidorm 2002 - sub2300"]
[Site "Benidorm ESP"]
[Date "2002.11.23"]
[Round "2.9"]
[White "Ballesteros Gonzalez, David"]
[Black "Buxade Roca, Guillermo"]
[Result "1/2-1/2"]
[WhiteElo "2277"]
[BlackElo "2179"]
[PlyCount "95"]
[EventDate "2002.11.22"]
[EventType "swiss"]
[EventRounds "9"]
[EventCountry "ESP"]
[Source "lmi"]
[SourceDate "2002.11.24"]

1. Nf3 d5 2. d4 Nf6 3. Bf4 e6 4. e3 Nbd7 5. Bd3 c5 6. O-O Be7 7. c4 cxd4 8.
exd4 dxc4 9. Bxc4 Nb6 10. Bd3 O-O 11. Nc3 Nbd5 12. Nxd5 Nxd5 13. Be5 b6 14. Qe2
Bb7 15. h4 g6 16. h5 Bd6 17. hxg6 hxg6 18. Rfd1 Nf4 19. Bxf4 Bxf4 20. Be4 Bd5
21. g3 Bh6 22. Ne5 Rc8 23. f4 Bg7 24. a3 Qd6 25. Rac1 Rfd8 26. Qf3 Bxe4 27.
Qxe4 Bxe5 28. Rxc8 Rxc8 29. fxe5 Qc7 30. Rf1 Qc4 31. Qf4 Rc7 32. Rf2 Qd3 33.
Kg2 Rd7 34. Rd2 Qf5 35. Qe3 Kg7 36. Rf2 Qh5 37. Rf4 g5 38. Rf1 Qg4 39. Qf2 Qe4+
40. Kh2 Qg6 41. Qe3 Rd8 42. Kg2 Rh8 43. Qf3 Rh6 44. Rf2 g4 45. Qf4 Qh5 46. Kf1
Qg6 47. Kg2 Qh5 48. Kf1 1/2-1/2

[Event "Benidorm 2002 - sub2300"]
[Site "Benidorm ESP"]
[Date "2002.11.23"]
[Round "2.10"]
[White "Estrada Martinez, Cesar"]
[Black "Fontana Sotomayor, Luis J"]
[Result "0-1"]
[WhiteElo "2181"]
[BlackElo "2268"]
[PlyCount "89"]
[EventDate "2002.11.22"]
[EventType "swiss"]
[EventRounds "9"]
[EventCountry "ESP"]
[Source "lmi"]
[SourceDate "2002.11.24"]

1. d4 d5 2. Nf3 Bf5 3. c4 e6 4. Nc3 Nc6 5. Bg5 f6 6. Bf4 g5 7. cxd5 exd5 8. Bg3
h5 9. h3 Bd6 10. Bxd6 Qxd6 11. e3 Nge7 12. Bd3 O-O-O 13. Bxf5+ Nxf5 14. Qd3 Qe6
15. O-O-O g4 16. Nd2 g3 17. fxg3 Nxg3 18. Rhe1 Rhe8 19. e4 Nxe4 20. Ndxe4 dxe4
21. Rxe4 Nb4 22. Qf3 Nxa2+ 23. Kc2 Nb4+ 24. Kb1 Qd7 25. Rxe8 Rxe8 26. Qxh5 b6
27. Qf3 Qh7+ 28. Ka1 Kb8 29. d5 Qc2 30. d6 cxd6 31. Qf4 Re5 32. Qxb4 Ra5+ 33.
Qxa5 bxa5 34. Rxd6 a4 35. Rc6 Kb7 36. Rc4 Qxg2 37. Rb4+ Kc6 38. Rxa4 f5 39. Ka2
Qxh3 40. Rxa7 f4 41. Ra6+ Kd7 42. Ne4 Qf5 43. Ra4 f3 44. b3 Ke6 45. Ka3 0-1

[Event "Benidorm 2002 - sub2300"]
[Site "Benidorm ESP"]
[Date "2002.11.23"]
[Round "2.11"]
[White "Salcedo Tornero, Pablo"]
[Black "Garcia Conesa, Gregorio"]
[Result "1/2-1/2"]
[WhiteElo "2179"]
[BlackElo "2266"]
[PlyCount "24"]
[EventDate "2002.11.22"]
[EventType "swiss"]
[EventRounds "9"]
[EventCountry "ESP"]
[Source "lmi"]
[SourceDate "2002.11.24"]

1. e4 e6 2. d3 d5 3. Nd2 Nf6 4. Ngf3 Nc6 5. Be2 Bc5 6. O-O O-O 7. c3 dxe4 8.
Nxe4 Nxe4 9. dxe4 e5 10. b4 Qxd1 11. Rxd1 Bd6 12. Be3 a6 1/2-1/2

[Event "Benidorm 2002 - sub2300"]
[Site "Benidorm ESP"]
[Date "2002.11.23"]
[Round "2.12"]
[White "Mancebo Ibañez, Fernando"]
[Black "Chaverra, Bismarck"]
[Result "1/2-1/2"]
[WhiteElo "2258"]
[BlackElo "2178"]
[PlyCount "72"]
[EventDate "2002.11.22"]
[EventType "swiss"]
[EventRounds "9"]
[EventCountry "ESP"]
[Source "lmi"]
[SourceDate "2002.11.24"]

1. d4 Nf6 2. Nf3 d5 3. c4 dxc4 4. e3 a6 5. a4 e6 6. Bxc4 c5 7. O-O Nc6 8. Qe2
Qb6 9. Rd1 cxd4 10. exd4 Be7 11. Nc3 O-O 12. Be3 Ng4 13. Bf4 Re8 14. h3 Nf6 15.
Be3 Qa5 16. Rac1 Nb4 17. Ne5 Nbd5 18. Bd2 Bb4 19. Qf3 Rf8 20. Nxd5 exd5 21.
Bxb4 Qxb4 22. Bb3 Be6 23. Qc3 Qb6 24. a5 Qb5 25. Bc2 Rac8 26. Qa3 Qe2 27. Bd3
Qh5 28. Bf1 Qg5 29. Qe3 Qxe3 30. fxe3 Ne4 31. Be2 Nd6 32. b3 Bf5 33. Bd3 Bxd3
34. Nxd3 Ne4 35. Nc5 Nd6 36. Kf2 Rfe8 1/2-1/2

[Event "Benidorm 2002 - sub2300"]
[Site "Benidorm ESP"]
[Date "2002.11.23"]
[Round "2.13"]
[White "Daude Puvill, Antonio"]
[Black "Buenafe Moya, Javier"]
[Result "0-1"]
[WhiteElo "2178"]
[BlackElo "2254"]
[PlyCount "154"]
[EventDate "2002.11.22"]
[EventType "swiss"]
[EventRounds "9"]
[EventCountry "ESP"]
[Source "lmi"]
[SourceDate "2002.11.24"]

1. d4 Nf6 2. c4 e6 3. Nc3 Bb4 4. g3 O-O 5. Bg2 d5 6. e3 c5 7. a3 cxd4 8. exd4
Bxc3+ 9. bxc3 dxc4 10. Qa4 Nd5 11. Qxc4 Qa5 12. Bd2 Bd7 13. Qb3 Qb5 14. Rb1
Qxb3 15. Rxb3 b5 16. Ne2 a5 17. Nf4 a4 18. Rb1 Bc6 19. Nxd5 exd5 20. O-O Nd7
21. Bf4 Nb6 22. Bd6 Rfe8 23. Rfe1 Nc4 24. Bc5 f6 25. Rbc1 Kf7 26. Bb4 g5 27.
Bf3 Kg6 28. Be2 f5 29. Bxc4 dxc4 30. f4 gxf4 31. gxf4 Rg8 32. Kf2 Be4 33. Rg1+
Kh5 34. Rcd1 Rg4 35. Ke3 Re8 36. Rxg4 Bd3+ 37. Kf3 fxg4+ 38. Kf2 Re2+ 39. Kg3
Be4 40. Rg1 Re3+ 41. Kf2 Rf3+ 42. Ke2 Bd3+ 43. Kd2 Rxf4 44. Bd6 Rf2+ 45. Ke3
Re2+ 46. Kf4 Re4+ 47. Kg3 Kg6 48. Rg2 h5 49. Kh4 Re3 50. Rg3 Re2 51. h3 Bf5 52.
Rg1 Re3 53. hxg4 hxg4 54. Rg3 Re1 55. Rg2 Rc1 56. Bb4 Kf6 57. Re2 Rh1+ 58. Kg3
Rh3+ 59. Kg2 Bd7 60. Rf2+ Kg6 61. Re2 Bc6+ 62. Kg1 Kf5 63. Rh2 Re3 64. Rh5+ Kf4
65. Bd6+ Kf3 66. Rf5+ Ke2 67. d5 Be8 68. Re5 Rxe5 69. Bxe5 Kd3 70. Kf2 Kc2 71.
Ke3 Kb3 72. Kd2 Kxa3 73. Kc2 Ka2 74. d6 Bd7 75. Kc1 Bf5 76. Bd4 Kb3 77. d7 Bxd7
0-1

[Event "Benidorm 2002 - sub2300"]
[Site "Benidorm ESP"]
[Date "2002.11.23"]
[Round "2.14"]
[White "Martin Blanco, Fernando"]
[Black "Bosque Ortega, Javier"]
[Result "0-1"]
[WhiteElo "2175"]
[BlackElo "2249"]
[PlyCount "68"]
[EventDate "2002.11.22"]
[EventType "swiss"]
[EventRounds "9"]
[EventCountry "ESP"]
[Source "lmi"]
[SourceDate "2002.11.24"]

1. e4 c6 2. d4 d5 3. e5 g6 4. g3 Bg7 5. Bg2 Nh6 6. Nf3 O-O 7. O-O f6 8. exf6
exf6 9. c3 Bg4 10. h3 Bxf3 11. Qxf3 Nd7 12. g4 f5 13. g5 Nf7 14. Qg3 Re8 15. h4
Nf8 16. Bf4 Ne6 17. Nd2 h6 18. Nf3 Nxf4 19. Qxf4 Re4 20. Qh2 hxg5 21. h5 gxh5
22. Qxh5 Qf6 23. Ne5 Rh4 24. Qxf7+ Qxf7 25. Nxf7 Kxf7 26. Rfe1 Bf6 27. b4 g4
28. f4 gxf3 29. Bxf3 Rg8+ 30. Kf1 Bg5 31. Re2 Rf4 32. Rf2 Kf6 33. Bg2 Rxf2+ 34.
Kxf2 Bd2 0-1

[Event "Benidorm 2002 - sub2300"]
[Site "Benidorm ESP"]
[Date "2002.11.23"]
[Round "2.15"]
[White "Madina, Martin"]
[Black "Garcia Amoros, Pablo"]
[Result "1/2-1/2"]
[WhiteElo "2240"]
[BlackElo "2162"]
[PlyCount "75"]
[EventDate "2002.11.22"]
[EventType "swiss"]
[EventRounds "9"]
[EventCountry "ESP"]
[Source "lmi"]
[SourceDate "2002.11.24"]

1. d4 Nf6 2. Nf3 d5 3. c4 e6 4. Nc3 c6 5. e3 Nbd7 6. Qc2 Be7 7. b3 O-O 8. Bd3
Re8 9. O-O Nf8 10. Ne5 N6d7 11. f4 f5 12. a4 Nxe5 13. fxe5 g6 14. Ba3 Bxa3 15.
Rxa3 Bd7 16. c5 Re7 17. b4 Be8 18. b5 g5 19. Rb3 Ng6 20. Qd2 Rf7 21. Ne2 h5 22.
a5 h4 23. a6 cxb5 24. Bxb5 Bxb5 25. Rxb5 bxa6 26. Ra5 Rb8 27. Rxa6 Qc8 28. Rfa1
Rfb7 29. Nc3 Rb2 30. Qd1 h3 31. gxh3 Nh4 32. R6a2 Qe8 33. Rxb2 Rxb2 34. Rxa7
Qb8 35. Qa1 Nf3+ 36. Kf1 Nxh2+ 37. Kg1 Nf3+ 38. Kf1 1/2-1/2

[Event "Benidorm 2002 - sub2300"]
[Site "Benidorm ESP"]
[Date "2002.11.23"]
[Round "2.16"]
[White "Navarro Alonso, Jorge"]
[Black "Fenollar Jorda, Manuel"]
[Result "1/2-1/2"]
[WhiteElo "2156"]
[BlackElo "2235"]
[PlyCount "127"]
[EventDate "2002.11.22"]
[EventType "swiss"]
[EventRounds "9"]
[EventCountry "ESP"]
[Source "lmi"]
[SourceDate "2002.11.24"]

1. e4 e5 2. d4 exd4 3. c3 d5 4. exd5 Qxd5 5. cxd4 Nc6 6. Nf3 Bg4 7. Be2 O-O-O
8. Nc3 Qf5 9. Be3 Nf6 10. Qa4 Qa5 11. Qxa5 Nxa5 12. Ne5 Be6 13. O-O Nd5 14.
Nxd5 Bxd5 15. Bg4+ Kb8 16. Bf3 f6 17. Bxd5 Rxd5 18. Nd3 Bd6 19. Rad1 Rd8 20.
Nc1 Nc4 21. b3 Nxe3 22. fxe3 c5 23. Ne2 Re8 24. e4 Rh5 25. Nf4 Rh6 26. dxc5
Bxc5+ 27. Kh1 g5 28. Nd5 Re6 29. g3 Rg6 30. Rd2 a6 31. Kg2 h5 32. b4 Bd6 33. a4
Bc7 34. b5 Rxe4 35. b6 Bd8 36. Nxf6 Bxf6 37. Rxf6 Rg8 38. Rf7 Rge8 39. Rdd7
Re2+ 40. Kh3 g4+ 41. Kh4 Rxh2+ 42. Kg5 Rhe2 43. Rxb7+ Ka8 44. Ra7+ Kb8 45.
Rfb7+ Kc8 46. Rc7+ Kb8 47. Rxa6 Rg8+ 48. Kf4 Rf8+ 49. Kg5 Rg8+ 50. Kf6 h4 51.
Raa7 hxg3 52. Rcb7+ Kc8 53. Rc7+ Kb8 54. Rcb7+ Kc8 55. a5 Rf2+ 56. Ke5 Rg5+ 57.
Kd4 Rf4+ 58. Ke3 Rxa5 59. Rc7+ Kb8 60. Rcb7+ Kc8 61. Rc7+ Kb8 62. Rxa5 g2 63.
Kxf4 g1=Q 64. Raa7 1/2-1/2

[Event "Benidorm 2002 - sub2300"]
[Site "Benidorm ESP"]
[Date "2002.11.23"]
[Round "2.17"]
[White "Rocabert Andreu, Guillermo"]
[Black "Cabrera Crespo, Miguel"]
[Result "1/2-1/2"]
[WhiteElo "2234"]
[BlackElo "2135"]
[PlyCount "34"]
[EventDate "2002.11.22"]
[EventType "swiss"]
[EventRounds "9"]
[EventCountry "ESP"]
[Source "lmi"]
[SourceDate "2002.11.24"]

1. d4 d5 2. c4 c6 3. Nf3 Nf6 4. Nc3 e6 5. e3 Nbd7 6. Bd3 Be7 7. O-O O-O 8. b3
a6 9. Bb2 b5 10. Qe2 Bb7 11. a4 b4 12. Nb1 a5 13. Nbd2 c5 14. Rfd1 cxd4 15.
exd4 Rc8 16. Rac1 Re8 17. c5 Bc6 1/2-1/2

[Event "Benidorm 2002 - sub2300"]
[Site "Benidorm ESP"]
[Date "2002.11.23"]
[Round "2.18"]
[White "Rodriguez Gonzalez, Javier"]
[Black "Gonzalez Aguirre, Luis"]
[Result "1-0"]
[WhiteElo "2142"]
[BlackElo "2232"]
[PlyCount "55"]
[EventDate "2002.11.22"]
[EventType "swiss"]
[EventRounds "9"]
[EventCountry "ESP"]
[Source "lmi"]
[SourceDate "2002.11.24"]

1. d4 d5 2. Nf3 Nf6 3. Bg5 e6 4. e3 Be7 5. Bd3 c5 6. c3 O-O 7. Nbd2 Nc6 8. O-O
b6 9. Rc1 Bb7 10. Qe2 Re8 11. Rfd1 Nd7 12. Bf4 f6 13. e4 Bf8 14. e5 f5 15. g4
g6 16. gxf5 exf5 17. Qe3 Be7 18. Kh1 Nf8 19. Rg1 Kh8 20. Ng5 Qc8 21. Qh3 Nd8
22. Qh6 Qc6 23. Bxf5 Bc8 24. e6 Bf6 25. Nxh7 Bg7 26. Be5 Qc7 27. Nxf8+ Kg8 28.
Qh7+ 1-0

[Event "Benidorm 2002 - sub2300"]
[Site "Benidorm ESP"]
[Date "2002.11.23"]
[Round "2.19"]
[White "Anglada Lobarte, Jose Andres"]
[Black "Mosconi, Ariel Oscar"]
[Result "1-0"]
[WhiteElo "2231"]
[BlackElo "2097"]
[PlyCount "79"]
[EventDate "2002.11.22"]
[EventType "swiss"]
[EventRounds "9"]
[EventCountry "ESP"]
[Source "lmi"]
[SourceDate "2002.11.24"]

1. e4 e5 2. Nf3 Nc6 3. d4 exd4 4. Nxd4 Nf6 5. Nc3 Bb4 6. Nxc6 bxc6 7. Bd3 d5 8.
exd5 cxd5 9. O-O O-O 10. Bg5 c6 11. Qf3 Bd6 12. Ne2 Be5 13. c3 Qd6 14. h3 Rb8
15. Rab1 c5 16. Bf4 Be6 17. Bxe5 Qxe5 18. b4 cxb4 19. cxb4 d4 20. a3 Rfd8 21.
Rbc1 Bd5 22. Qf4 Nd7 23. Rc7 g5 24. Qg3 Qxg3 25. Nxg3 Ne5 26. Bf5 a5 27. bxa5
Rb5 28. a6 Ra5 29. a7 Rxa3 30. Ne4 Kg7 31. Nxg5 Kf6 32. Be4 h6 33. Bxd5 Rxd5
34. Ne4+ Kf5 35. Nc5 f6 36. f4 Nc4 37. g4+ Kg6 38. f5+ Kg5 39. Ne4+ Kh4 40. Rh7
1-0

[Event "Benidorm 2002 - sub2300"]
[Site "Benidorm ESP"]
[Date "2002.11.23"]
[Round "2.20"]
[White "Ortells Perez, Victor Manuel"]
[Black "Jimenez Villena, Francisco"]
[Result "1/2-1/2"]
[WhiteElo "2132"]
[BlackElo "2231"]
[PlyCount "108"]
[EventDate "2002.11.22"]
[EventType "swiss"]
[EventRounds "9"]
[EventCountry "ESP"]
[Source "lmi"]
[SourceDate "2002.11.24"]

1. g3 e5 2. Bg2 d5 3. d3 Nf6 4. Nd2 Bc5 5. e3 O-O 6. Ne2 Re8 7. O-O Bg4 8. h3
Bd7 9. e4 dxe4 10. dxe4 a5 11. a4 Na6 12. c3 Bc6 13. Qc2 Qd7 14. Nc4 b6 15. g4
Rad8 16. Bg5 Qe6 17. Ne3 h6 18. Bxf6 Qxf6 19. Nf5 Bf8 20. Neg3 Nc5 21. Ne3 Ne6
22. Nh5 Qg5 23. Nd5 Qg6 24. Qe2 Bd6 25. Rfe1 Nc5 26. Qc4 Bxd5 27. exd5 Qg5 28.
Ng3 g6 29. b4 Nd7 30. Ne4 Qe7 31. bxa5 bxa5 32. Rab1 Nf6 33. Nxf6+ Qxf6 34. Rb5
e4 35. Rxa5 Qf4 36. Re3 Re5 37. Rxe4 Rxe4 38. Qxe4 Qc1+ 39. Bf1 Qxc3 40. Rb5
Ra8 41. a5 Rxa5 42. Rb8+ Bf8 43. Bc4 Ra1+ 44. Kg2 Qc1 45. Kg3 Qc3+ 46. Kg2 Qc1
47. Kg3 Qg1+ 48. Qg2 Ra3+ 49. Bb3 Rxb3+ 50. Rxb3 Bd6+ 51. f4 Bxf4+ 52. Kf3 Qd1+
53. Kxf4 Qxb3 54. Qh1 Qc4+ 1/2-1/2

[Event "Benidorm 2002 - sub2300"]
[Site "Benidorm ESP"]
[Date "2002.11.24"]
[Round "3.1"]
[White "Cardenas Valero, Ramon"]
[Black "Pascual Paredes, Javier"]
[Result "1/2-1/2"]
[WhiteElo "2300"]
[BlackElo "2220"]
[PlyCount "42"]
[EventDate "2002.11.22"]
[EventType "swiss"]
[EventRounds "9"]
[EventCountry "ESP"]
[Source "lmi"]
[SourceDate "2002.11.24"]

1. e4 c5 2. Nc3 Nc6 3. f4 g6 4. Nf3 Bg7 5. Bb5 Nd4 6. Bd3 d6 7. Nxd4 cxd4 8.
Ne2 Nf6 9. O-O O-O 10. Kh1 e5 11. Qe1 b6 12. Ng3 Re8 13. f5 Bb7 14. Bb5 Rf8 15.
d3 h6 16. Bd2 Qc8 17. Ba4 Kh7 18. Bb3 Qd7 19. Qe2 a5 20. a4 Rae8 21. Rf2 Bc6
1/2-1/2

[Event "Benidorm 2002 - sub2300"]
[Site "Benidorm ESP"]
[Date "2002.11.24"]
[Round "3.2"]
[White "Mate Adan, Carlos"]
[Black "Gomez Anadon, Daniel"]
[Result "1/2-1/2"]
[WhiteElo "2296"]
[BlackElo "2218"]
[PlyCount "77"]
[EventDate "2002.11.22"]
[EventType "swiss"]
[EventRounds "9"]
[EventCountry "ESP"]
[Source "lmi"]
[SourceDate "2002.11.24"]

1. e4 c5 2. Nc3 d6 3. g3 g6 4. Bg2 Bg7 5. d3 Nc6 6. Be3 Nf6 7. h3 O-O 8. f4 Rb8
9. Nf3 b5 10. O-O b4 11. Ne2 Nd7 12. c3 a5 13. Rb1 Ba6 14. c4 Qb6 15. Qd2 Bb7
16. g4 e6 17. Ng3 Nd4 18. f5 Nxf3+ 19. Rxf3 d5 20. fxe6 fxe6 21. Rxf8+ Rxf8 22.
exd5 exd5 23. cxd5 Kh8 24. Ne4 Bxd5 25. Nxc5 Nxc5 26. Bxd5 Qd6 27. Bg2 Qxd3 28.
Qxd3 Nxd3 29. b3 Nf4 30. Re1 Bc3 31. Bxf4 Rxf4 32. Re8+ Kg7 33. Re4 Rxe4 34.
Bxe4 h5 35. gxh5 gxh5 36. Kf2 h4 37. Ke3 Kf6 38. Kd3 Ke5 39. Bb7 1/2-1/2

[Event "Benidorm 2002 - sub2300"]
[Site "Benidorm ESP"]
[Date "2002.11.24"]
[Round "3.3"]
[White "Renteria Becerra, Jorge"]
[Black "Riquelme Valero, Manuel"]
[Result "1/2-1/2"]
[WhiteElo "2280"]
[BlackElo "2193"]
[PlyCount "66"]
[EventDate "2002.11.22"]
[EventType "swiss"]
[EventRounds "9"]
[EventCountry "ESP"]
[Source "lmi"]
[SourceDate "2002.11.24"]

1. e4 c6 2. d4 d5 3. Nc3 dxe4 4. Nxe4 Nf6 5. Nxf6+ exf6 6. Bc4 Bd6 7. Qe2+ Qe7
8. Qxe7+ Kxe7 9. Ne2 Re8 10. O-O Bf5 11. Bb3 a5 12. c3 Bd3 13. Re1 Kf8 14. Bd1
Nd7 15. Bd2 Nb6 16. Nc1 Ba6 17. Be2 Nc4 18. Bxc4 Bxc4 19. Nb3 a4 20. Nc5 Rxe1+
21. Rxe1 Bxc5 22. dxc5 Bxa2 23. Bf4 Be6 24. h3 h5 25. Be3 g5 26. Bd4 Kg7 27.
Re2 Kg6 28. Re1 h4 29. Re2 f5 30. Re1 g4 31. Kh2 Kh5 32. Bf6 Rg8 33. hxg4+ fxg4
1/2-1/2

[Event "Benidorm 2002 - sub2300"]
[Site "Benidorm ESP"]
[Date "2002.11.24"]
[Round "3.5"]
[White "Buenafe Moya, Javier"]
[Black "Gabaldon Gomez, Miguel A."]
[Result "1-0"]
[WhiteElo "2254"]
[BlackElo "2181"]
[PlyCount "31"]
[EventDate "2002.11.22"]
[EventType "swiss"]
[EventRounds "9"]
[EventCountry "ESP"]
[Source "lmi"]
[SourceDate "2002.11.24"]

1. c4 Nf6 2. Nc3 g6 3. g3 Bg7 4. Bg2 O-O 5. e4 d6 6. Nge2 e5 7. O-O Be6 8. d3
Qd7 9. Bg5 h6 10. Bd2 Bh3 11. Qc1 Kh7 12. Bxh3 Qxh3 13. f3 Nc6 14. Nd5 Ne8 15.
Rf2 f5 16. Nef4 1-0

[Event "Benidorm 2002 - sub2300"]
[Site "Benidorm ESP"]
[Date "2002.11.24"]
[Round "3.6"]
[White "Bosque Ortega, Javier"]
[Black "Rodriguez Gonzalez, Javier"]
[Result "0-1"]
[WhiteElo "2249"]
[BlackElo "2142"]
[PlyCount "110"]
[EventDate "2002.11.22"]
[EventType "swiss"]
[EventRounds "9"]
[EventCountry "ESP"]
[Source "lmi"]
[SourceDate "2002.11.24"]

1. d4 d5 2. Nf3 Nf6 3. Bf4 c5 4. c3 Nc6 5. e3 Bg4 6. Qb3 Qd7 7. Nbd2 a6 8. dxc5
e6 9. Qa4 Bxc5 10. b4 Ba7 11. b5 axb5 12. Bxb5 Qc8 13. Ne5 Bxe3 14. Nxc6 Bxd2+
15. Bxd2 Rxa4 16. Na7+ Qd7 17. Bxd7+ Kxd7 18. Nb5 Rha8 19. a3 Bf5 20. Ke2 Ne4
21. Rhd1 Nc5 22. Be3 Nb3 23. Ra2 Na5 24. Nd4 Bg6 25. Bc1 Nc4 26. Nb3 b6 27. Rd4
R4a6 28. Nd2 Nxa3 29. c4 Nc2 30. Rxc2 Bxc2 31. cxd5 Ra4 32. dxe6+ Kxe6 33. Nf3
Bg6 34. Ng5+ Ke7 35. Rd2 Rc8 36. Bb2 Rc2 37. Rxc2 Bxc2 38. Kd2 Bf5 39. Bxg7 Rg4
40. Bh6 Rxg2 41. Nf3 Rxf2+ 42. Ke3 Ra2 43. Nd4 Bd7 44. Bg5+ Kd6 45. h4 Kd5 46.
Ne2 Kc4 47. Ng3 b5 48. Ne4 b4 49. Nd6+ Kc3 50. Nxf7 b3 51. Bf6+ Kc2 52. Ng5 h5
53. Nf3 b2 54. Nd4+ Kd1 55. Ne2 Ra3+ 0-1

[Event "Benidorm 2002 - sub2300"]
[Site "Benidorm ESP"]
[Date "2002.11.24"]
[Round "3.7"]
[White "Gomez Benitez, David"]
[Black "Anglada Lobarte, Jose Andres"]
[Result "0-1"]
[WhiteElo "2073"]
[BlackElo "2231"]
[PlyCount "76"]
[EventDate "2002.11.22"]
[EventType "swiss"]
[EventRounds "9"]
[EventCountry "ESP"]
[Source "lmi"]
[SourceDate "2002.11.24"]

1. e4 c6 2. d4 g6 3. Be3 d5 4. f3 dxe4 5. fxe4 Bg7 6. c3 e5 7. Nf3 exd4 8. cxd4
Bg4 9. Bc4 Qe7 10. Nc3 b5 11. Nxb5 cxb5 12. Bd5 Nf6 13. Bxa8 Nxe4 14. O-O O-O
15. Bxe4 Qxe4 16. Re1 Qd5 17. h3 Be6 18. a3 Nd7 19. Rc1 a5 20. Qd2 a4 21. Bh6
Bxh3 22. Bxg7 Kxg7 23. gxh3 Qxf3 24. Qg2 Qf6 25. Qe4 h5 26. Rc6 Qg5+ 27. Qg2
Qf5 28. Rc3 Nf6 29. Rf1 Qd7 30. Qf2 Ne4 31. Qe3 Nxc3 32. Qxc3 Rc8 33. Qe3 Qd5
34. Qd3 Re8 35. Rd1 Qg5+ 36. Kf2 Qf4+ 37. Qf3 Qh2+ 38. Kf1 Re6 0-1

[Event "Benidorm 2002 - sub2300"]
[Site "Benidorm ESP"]
[Date "2002.11.24"]
[Round "3.8"]
[White "Cantero Navarro, Antonio"]
[Black "Milla de Marco, Carlos"]
[Result "0-1"]
[WhiteElo "2221"]
[BlackElo "2041"]
[PlyCount "78"]
[EventDate "2002.11.22"]
[EventType "swiss"]
[EventRounds "9"]
[EventCountry "ESP"]
[Source "lmi"]
[SourceDate "2002.11.24"]

1. e4 d6 2. d4 Nf6 3. Nc3 e5 4. dxe5 dxe5 5. Qxd8+ Kxd8 6. Bc4 Be6 7. Bxe6 fxe6
8. f3 a6 9. Be3 Bd6 10. Nh3 Ke7 11. O-O-O Nbd7 12. Nf2 b5 13. Nb1 Rab8 14. Nd2
Nb6 15. Bxb6 Rxb6 16. Nd3 Nd7 17. Rhe1 Nc5 18. Nxc5 Bxc5 19. Nb3 Bd6 20. Re2 a5
21. Kb1 a4 22. Nc1 c5 23. Nd3 c4 24. Nf2 b4 25. Ng4 b3 26. cxb3 cxb3 27. a3 Rc6
28. Rc1 Rhc8 29. Ree1 h5 30. Nf2 Rc2 31. Nd3 g5 32. Rf1 Kf6 33. Rf2 Rxc1+ 34.
Nxc1 Bc5 35. Re2 Rd8 36. Re1 Rd2 37. g4 h4 38. h3 Bd4 39. Re2 Rd1 0-1

[Event "Benidorm 2002 - sub2300"]
[Site "Benidorm ESP"]
[Date "2002.11.24"]
[Round "3.9"]
[White "Jimenez Villena, Francisco"]
[Black "Taboas Rodriguez, Daniel"]
[Result "0-1"]
[WhiteElo "2231"]
[BlackElo "2298"]
[PlyCount "66"]
[EventDate "2002.11.22"]
[EventType "swiss"]
[EventRounds "9"]
[EventCountry "ESP"]
[Source "lmi"]
[SourceDate "2002.11.24"]

1. d4 Nf6 2. Nf3 g6 3. c4 Bg7 4. Nc3 O-O 5. e4 d6 6. Be2 e5 7. O-O Nc6 8. d5
Ne7 9. Bg5 h6 10. Bd2 Nd7 11. Ne1 f5 12. f3 f4 13. Nd3 h5 14. Rc1 g5 15. b4 Nf6
16. Nf2 Ng6 17. c5 Rf7 18. cxd6 cxd6 19. a4 Bf8 20. a5 Rg7 21. Nb5 g4 22. fxg4
hxg4 23. Bxg4 Nxg4 24. Nxg4 Nh4 25. h3 Bxg4 26. hxg4 Qd7 27. Qe2 a6 28. Nc7
Rxg4 29. Nxa8 Qg7 30. Rf2 f3 31. Qe3 Nxg2 32. Rxg2 Rxg2+ 33. Kf1 Qh7 0-1

[Event "Benidorm 2002 - sub2300"]
[Site "Benidorm ESP"]
[Date "2002.11.24"]
[Round "3.10"]
[White "Barcelo Pujadas, Pedro"]
[Black "Bolado Saez, Sergio"]
[Result "1/2-1/2"]
[WhiteElo "2210"]
[BlackElo "2288"]
[PlyCount "76"]
[EventDate "2002.11.22"]
[EventType "swiss"]
[EventRounds "9"]
[EventCountry "ESP"]
[Source "lmi"]
[SourceDate "2002.11.24"]

1. Nf3 Nf6 2. c4 g6 3. g3 Bg7 4. Bg2 O-O 5. O-O d6 6. d4 Nbd7 7. Nc3 e5 8. h3
c6 9. e4 Re8 10. Be3 Qe7 11. Re1 Nh5 12. Qe2 exd4 13. Nxd4 Nc5 14. Nb3 Na6 15.
Rad1 Be6 16. Bf1 Rad8 17. Nd4 Bd7 18. Kh2 Nc5 19. Bg2 Ne6 20. Qd2 Nxd4 21. Bxd4
Be6 22. Bxg7 Nxg7 23. Nd5 cxd5 24. exd5 Qc7 25. dxe6 fxe6 26. b3 Rd7 27. h4 Rf8
28. f4 Qc5 29. Bh3 Re8 30. Qd4 Qxd4 31. Rxd4 Kf7 32. Kg2 h5 33. Kf2 Kf6 34.
Red1 Red8 35. a4 b6 36. R1d3 Nf5 37. Bxf5 gxf5 38. a5 bxa5 1/2-1/2

[Event "Benidorm 2002 - sub2300"]
[Site "Benidorm ESP"]
[Date "2002.11.24"]
[Round "3.11"]
[White "Bustamante Montoni, Richard"]
[Black "Contreras Rodriguez, Henry"]
[Result "0-1"]
[WhiteElo "2210"]
[BlackElo "2286"]
[PlyCount "110"]
[EventDate "2002.11.22"]
[EventType "swiss"]
[EventRounds "9"]
[EventCountry "ESP"]
[Source "lmi"]
[SourceDate "2002.11.24"]

1. Nf3 c5 2. c4 Nc6 3. Nc3 g6 4. g3 Bg7 5. Bg2 Nh6 6. O-O Nf5 7. b3 O-O 8. Bb2
d6 9. e3 e5 10. d3 Rb8 11. Qd2 a6 12. Ne2 Nfe7 13. d4 cxd4 14. exd4 e4 15. Ne1
f5 16. d5 Ne5 17. f3 b5 18. cxb5 Rxb5 19. fxe4 Nc4 20. bxc4 Rxb2 21. Nc2 Qb6+
22. Kh1 Qc5 23. Qd3 a5 24. Ne3 Rxe2 25. Qxe2 Bxa1 26. Rxa1 fxe4 27. Re1 Nf5 28.
Nxf5 Bxf5 29. g4 Bd7 30. h3 e3 31. Qxe3 Qxc4 32. Qa7 Qc3 33. Rf1 Rxf1+ 34. Bxf1
Qe1 35. Kg1 Be8 36. Qb6 Qg3+ 37. Bg2 a4 38. Qb4 a3 39. Qe4 Kf8 40. Qd4 Qe5 41.
Qb4 Qe3+ 42. Kh2 Ke7 43. g5 Bd7 44. Qh4 Kd8 45. Qxh7 Qxg5 46. Qh8+ Be8 47. Qc3
Qe5+ 48. Qxe5 dxe5 49. Be4 g5 50. Kg3 Ke7 51. Bf5 Kf6 52. Kg4 Bb5 53. d6 Be2+
54. Kg3 Bc4 55. Bb1 Be6 0-1